LEADER 00893nam0-22003131i-450 001 990006508150403321 005 20221219191338.0 035 $a000650815 035 $aFED01000650815 035 $a(Aleph)000650815FED01 100 $a20001010d1960----km-y0itay50------ba 101 0 $aeng 102 $aUS 105 $ayyyyzzzz001yy 200 1 $a<>Cross and the Fasces$eChristian Democracy and Fascism in Italy$fRichard A. Webster 210 $aStandford$cStandford University Press$d1960. 215 $aXIV, 229 p.$d22 cm 676 $a324.245$v23$zita 700 1$aWebster,$bRichard Allen$0107222 801 0$aIT$bUNINA$gRICA$2UNIMARC 901 $aBK 912 $a990006508150403321 952 $aXIV H 52$b9484$fFSPBC 952 $aXXI C 1041$b1404/12$fFGBC 959 $aFSPBC 959 $aFGBC 996 $aCross and the fasces$921503 997 $aUNINA DB $aGEN01